000 00573nam a22001937a 4500
999 _c11034
_d11034
003 OSt
008 211113b ||||| |||| 00| 0 eng d
020 _a9788190912914
082 _a510 KUE
100 _aKUMAR,Kuldeep
245 _aEngineering Mathematics-II (Calculus and Ordinary Differential Equations) Vector Calculus, Differential Equations and Laplace Transform
260 _aNew Delhi
_bBharat Publication
_c2019
300 _aMISC
650 _aApplied Science
700 _aKUMAR,Rajesh
700 _aREEN,LS
700 _aRAJ,Deepak
942 _2ddc
_cBK
_038